[Event "Ì11Ï"]
[Site "Loo"]
[Date "2017.04.22"]
[Round "3.52"]
[White "Ãàñàíîâ, Ôóàä."]
[Black "Ñàáèðîâ, Ìàðñåëü."]
[Result "0-1"]
[WhiteElo "1390"]
[BlackElo "1138"]
[PlyCount "68"]
[EventDate "2017.04.20"]

1. d4 d5 2. c4 e6 3. Nc3 Nf6 4. e3 c6 5. Bd2 Bd6 6. c5 Bc7 7. Bd3 Nbd7 8. Nge2
b6 9. cxb6 axb6 10. Qb3 Ba6 11. Bxa6 Rxa6 12. Rc1 O-O 13. Na4 Qa8 14. Nac3 Bd6
15. a3 Rc8 16. Qc2 Qb8 17. f4 b5 18. Qd3 Ra8 19. g3 Nb6 20. h3 h5 21. g4 g6 22.
f5 Kg7 23. fxg6 fxg6 24. gxh5 Nxh5 25. Rg1 Bg3+ 26. Nxg3 Nxg3 27. Ne2 Ne4 28.
Nf4 Kf7 29. Rxg6 Rg8 30. Rg4 Nc4 31. Bc3 Qd8 32. b3 Rxg4 33. hxg4 Qh4+ 34. Ke2
Qf2+ 0-1

[Event "Ì11Ï"]
[Site "Loo"]
[Date "2017.04.22"]
[Round "3.53"]
[White "Ñåðàæèì, Àëåêñàíäð."]
[Black "Ñîêîëîâ, Åãîð."]
[Result "0-1"]
[WhiteElo "1109"]
[BlackElo "1372"]
[PlyCount "126"]
[EventDate "2017.04.20"]

1. e4 e5 2. d4 exd4 3. c3 d5 4. exd5 Qxd5 5. Nf3 Nc6 6. cxd4 Bg4 7. Nc3 Qd7 8.
d5 Nce7 9. Bb5 c6 10. dxc6 Qxd1+ 11. Nxd1 Nxc6 12. Be2 Nf6 13. O-O Bc5 14. Be3
Bb6 15. Nc3 Bxe3 16. fxe3 O-O 17. Nd4 Rfe8 18. Nxc6 bxc6 19. Bxg4 Nxg4 20. e4
Nf6 21. Rfe1 Rab8 22. b3 Rb4 23. e5 Nd7 24. Rad1 Nf8 25. Rd6 Re6 26. Rd8 Rb7
27. Rd6 Rbe7 28. Kf2 Ng6 29. Na4 Nxe5 30. Rxe6 Rxe6 31. Nc5 Ng4+ 32. Kf1 Nxh2+
33. Kf2 Ng4+ 34. Kf1 Rxe1+ 35. Kxe1 Ne3 36. g3 Nd5 37. Nd7 Nb4 38. a4 Nc2+ 39.
Kd2 Nd4 40. b4 f6 41. Kd3 Nf5 42. g4 Ne7 43. Nc5 Nd5 44. Na6 Kf7 45. Kd4 Ke6
46. Nc5+ Ke7 47. Na6 Kd6 48. b5 cxb5 49. axb5 Nc7 50. Nxc7 Kxc7 51. Kd5 Kb6 52.
Ke6 Kxb5 53. Kf7 a5 54. Kxg7 a4 55. Kxh7 a3 56. Kg6 a2 57. Kxf6 a1=Q+ 58. Kf5
Qb1+ 59. Kf6 Qh7 60. g5 Qg8 61. g6 Kc6 62. g7 Kd6 63. Kg6 Ke6 0-1

[Event "Ì11Ï"]
[Site "Loo"]
[Date "2017.04.22"]
[Round "3.54"]
[White "×åðòêîâ, Ìàêñèì."]
[Black "Èâàíàåâ, Âëàäèñëàâ."]
[Result "1-0"]
[WhiteElo "1368"]
[BlackElo "1114"]
[PlyCount "43"]
[EventDate "2017.04.20"]

1. e4 e5 2. Nf3 Nc6 3. Bc4 Nf6 4. d3 Bc5 5. Nc3 d6 6. a3 a5 7. Ba2 Qe7 8. Bg5
Bg4 9. h3 Bxf3 10. Qxf3 Nd4 11. Qd1 h6 12. Nd5 Qd8 13. Bxf6 gxf6 14. c3 Ne6 15.
Qf3 Ng5 16. Nxf6+ Kf8 17. Qf5 Qe7 18. h4 Ne6 19. Rh3 Nf4 20. Rg3 h5 21. d4 Rh6
22. Rg8# 1-0

[Event "Ì11Ï"]
[Site "Loo"]
[Date "2017.04.22"]
[Round "3.55"]
[White "Àíòîíîâ, Âëàäèìèð."]
[Black "×åðíÿåâ, Äàíèë."]
[Result "1/2-1/2"]
[WhiteElo "1368"]
[BlackElo "1108"]
[PlyCount "85"]
[EventDate "2017.04.20"]

1. e4 c6 2. Nf3 d5 3. exd5 cxd5 4. d4 Nf6 5. Nc3 Bg4 6. h3 Bh5 7. Be2 Nbd7 8.
Be3 e6 9. Ne5 Bxe2 10. Nxe2 Bb4+ 11. c3 Be7 12. O-O O-O 13. Qb3 Nb6 14. Rac1
Rc8 15. c4 dxc4 16. Nxc4 Nxc4 17. Rxc4 Qd7 18. Rfc1 Nd5 19. Bd2 Nb6 20. R4c2
Rxc2 21. Rxc2 Bf6 22. Bf4 Nd5 23. Be5 b6 24. Nc3 Bxe5 25. dxe5 Ne7 26. Nb5 Rc8
27. Rxc8+ Nxc8 28. Qc2 h6 29. Qb3 Qc6 30. Qc3 Qxb5 31. Qxc8+ Kh7 32. Qc2+ Kg8
33. Qc8+ Kh7 34. Qc2+ g6 35. Qc7 Kg7 36. Qc3 Qd5 37. a3 Qd1+ 38. Kh2 Qa4 39.
Qf3 Qh4 40. g3 Qg5 41. Qc3 Qf5 42. f4 Qe4 43. Kg1 1/2-1/2

[Event "Ì11Ï"]
[Site "Loo"]
[Date "2017.04.22"]
[Round "3.56"]
[White "Âîðîíèí, Íèêèòà."]
[Black "Ïàòðàêååâ, Ïàíêðàò."]
[Result "0-1"]
[WhiteElo "1104"]
[BlackElo "1366"]
[PlyCount "108"]
[EventDate "2017.04.20"]

1. d4 d5 2. Nf3 Nf6 3. Bf4 Bf5 4. e3 a6 5. c4 e6 6. h3 Bb4+ 7. Nc3 Nc6 8. a3
Bxc3+ 9. bxc3 Ne4 10. Rc1 O-O 11. Be2 Ne7 12. Bh2 Nc6 13. cxd5 exd5 14. c4 dxc4
15. Bxc4 Nd6 16. Ba2 Rc8 17. O-O Be4 18. Nd2 Bg6 19. f3 Qh4 20. Qe1 Qxe1 21.
Rfxe1 Rfe8 22. Rc3 Nb5 23. Rcc1 Nxa3 24. d5 Nb4 25. d6 cxd6 26. Bxd6 Rxc1 27.
Rxc1 Nxa2 28. Ra1 Nb5 29. Bg3 Nac3 30. Kf2 h6 31. Rc1 Rd8 32. Nc4 f6 33. e4 Bf7
34. Na5 Rd2+ 35. Ke1 Re2+ 36. Kf1 b6 37. Nc6 Bc4 38. Kg1 Rd2 39. Kh2 a5 40. Na7
Rd3 41. Nc6 Rd1 42. Rc2 a4 43. Nb4 Rb1 44. Nc6 a3 45. Nd4 Nxd4 46. Rxc3 a2 47.
Ra3 a1=Q 48. Rxa1 Rxa1 49. Bf2 Rd1 50. Kg3 b5 51. Kf4 b4 52. e5 fxe5+ 53. Kxe5
Ne2 54. Bh4 b3 0-1

[Event "Ì11Ï"]
[Site "Loo"]
[Date "2017.04.22"]
[Round "3.57"]
[White "Ñìîëêîâ, Ï¸òð."]
[Black "Çîëîòûõ, Èâàí."]
[Result "1/2-1/2"]
[WhiteElo "1096"]
[BlackElo "1364"]
[PlyCount "85"]
[EventDate "2017.04.20"]

1. e4 e5 2. Nf3 Nc6 3. Bb5 Nf6 4. O-O Be7 5. d3 d6 6. d4 O-O 7. Bxc6 bxc6 8.
dxe5 Nxe4 9. h3 d5 10. Nbd2 Ng5 11. Nxg5 Bxg5 12. Nf3 Bxc1 13. Qxc1 Bf5 14. Nd4
Qd7 15. c4 Bd3 16. Rd1 Bxc4 17. b3 Bb5 18. a4 Ba6 19. Nxc6 Bb7 20. Na5 c6 21.
Nc4 Qe7 22. Nd6 f6 23. Nxb7 Qxb7 24. exf6 Rxf6 25. Qc2 Rb8 26. Rd3 Rbf8 27. Rg3
Qb6 28. Rf1 Rb8 29. Qa2 Qa5 30. Qb2 Rbf8 31. Qc2 Re8 32. Rg4 Re1 33. b4 Rxf1+
34. Kxf1 Qa6+ 35. Kg1 Qc8 36. Qd3 Qf8 37. Qd4 Qf7 38. Qe3 Re6 39. Qd2 Qe7 40.
Kh2 Re2 41. Qd4 Qe5+ 42. Qxe5 Rxe5 43. Rf4 1/2-1/2

[Event "Ì11Ï"]
[Site "Loo"]
[Date "2017.04.22"]
[Round "3.58"]
[White "Àâåðèí, Íèêîëàé."]
[Black "Êîíèåâ, Öåðåí."]
[Result "1-0"]
[WhiteElo "1363"]
[BlackElo "1083"]
[PlyCount "79"]
[EventDate "2017.04.20"]

1. e4 e5 2. Nf3 Nc6 3. Nc3 Bb4 4. d4 d6 5. dxe5 dxe5 6. Qxd8+ Kxd8 7. Bg5+ Ke8
8. Bb5 f6 9. Bd2 Bd7 10. a3 Bxc3 11. Bxc3 Nge7 12. O-O-O a6 13. Be2 Ng6 14. g3
Nce7 15. h4 h5 16. Rhe1 b5 17. Ba5 c6 18. Rd6 Nc8 19. Rd2 Nce7 20. Red1 Ra7 21.
c4 Rh7 22. a4 Nf8 23. Bb6 Rb7 24. a5 Nc8 25. Be3 b4 26. Rd3 c5 27. Bxc5 Ne6 28.
Be3 Bc6 29. Nd2 Ba4 30. b3 Bc6 31. Bf3 g5 32. hxg5 fxg5 33. Rh1 g4 34. Bg2 Ne7
35. Rd6 Bd7 36. f3 Nc7 37. Bb6 Nc8 38. Bxc7 Nxd6 39. Bxd6 Be6 40. Bxe5 1-0

[Event "Ì11Ï"]
[Site "Loo"]
[Date "2017.04.22"]
[Round "3.59"]
[White "Êîëûáèí, Ñåðãåé."]
[Black "Ñìîëèí, Àëåêñàíäð."]
[Result "0-1"]
[WhiteElo "1015"]
[BlackElo "1361"]
[PlyCount "146"]
[EventDate "2017.04.20"]

1. e4 c5 2. Nf3 Nc6 3. d4 cxd4 4. Nxd4 Nf6 5. Nc3 e5 6. Ndb5 d6 7. Bg5 a6 8.
Na3 b5 9. Nd5 Be7 10. Bxf6 Bxf6 11. c3 O-O 12. Nc2 Re8 13. Be2 Bg5 14. O-O Be6
15. Ncb4 Nxb4 16. Nxb4 Qb6 17. Nd5 Bxd5 18. Qxd5 Qc5 19. Qb3 Qc6 20. Rfe1 Rad8
21. c4 bxc4 22. Bxc4 Re7 23. Rad1 Rb7 24. Qc3 Rb6 25. Re2 Rc8 26. b3 Qc5 27.
Rd5 Qb4 28. Qxb4 Rxb4 29. Rxd6 Rcxc4 30. h3 Rxe4 31. Rxe4 Rxe4 32. Rxa6 h6 33.
f3 Re2 34. a4 Be3+ 35. Kh1 Re1+ 36. Kh2 Bf4+ 37. g3 Re2+ 38. Kg1 Bxg3 39. Ra8+
Kh7 40. Rf8 Rf2 41. Rxf7 e4 42. Re7 Rxf3 43. Rxe4 Rxb3 44. Kg2 Bd6 45. Re6 Bc7
46. Kf2 Rb4 47. Ra6 Kg8 48. Ra8+ Rb8 49. Rxb8+ Bxb8 50. a5 Bc7 51. a6 Bb6+ 52.
Ke2 Kf7 53. Kd3 Ke6 54. Kc4 Kd6 55. Kb5 Bc5 56. h4 h5 57. Kc4 Kc6 58. Kd3 Kb6
59. Ke4 g6 60. Kf4 Be7 61. Ke5 Bxh4 62. Ke6 Kxa6 63. Kf7 g5 64. Kg6 g4 65. Kxh5
g3 66. Kxh4 g2 67. Kh3 g1=Q 68. Kh4 Kb5 69. Kh5 Kc5 70. Kh4 Kd5 71. Kh5 Ke5 72.
Kh6 Kf6 73. Kh5 Qg5# 0-1

[Event "Ì11Ï"]
[Site "Loo"]
[Date "2017.04.22"]
[Round "3.81"]
[White "Êóäèíîâ, Ðîìàí."]
[Black "Î÷èðîâ, Áàòîð."]
[Result "1-0"]
[WhiteElo "1163"]
[BlackElo "1221"]
[PlyCount "117"]
[EventDate "2017.04.20"]

1. d4 d5 2. Nf3 Nf6 3. Bf4 e6 4. e3 c5 5. c4 Be7 6. Nc3 Nc6 7. Be2 O-O 8. O-O
cxd4 9. exd4 Re8 10. c5 b6 11. Qa4 Bd7 12. Bb5 Na5 13. c6 a6 14. cxd7 Rf8 15.
Bd3 b5 16. Qc2 Qxd7 17. Ne5 Qd8 18. Rac1 Rc8 19. Qe2 Nc4 20. a4 Qb6 21. b3 Qxd4
22. axb5 axb5 23. Nxb5 Qxf4 24. bxc4 Rfd8 25. Rc2 Rc5 26. Re1 dxc4 27. Bxc4 Nd5
28. Nd3 Qf5 29. Nxc5 Bxc5 30. Bd3 Bxf2+ 31. Qxf2 Qxd3 32. Rf1 f6 33. Qe2 Qe3+
34. Rf2 h6 35. Qxe3 Nxe3 36. Rc1 Kh7 37. Re2 Rd3 38. Rce1 Rb3 39. Rxe3 Rxb5 40.
Rxe6 Kg6 41. h3 Rb3 42. R1e3 Rb1+ 43. Kh2 Rb2 44. Re7 Rb5 45. Rg3+ Rg5 46. h4
Rxg3 47. Kxg3 h5 48. Kf4 Kh7 49. Kf5 Kh6 50. Re8 Kh7 51. g3 g6+ 52. Kxf6 g5 53.
Re7+ Kg8 54. hxg5 Kf8 55. g6 h4 56. g7+ Kg8 57. Re8+ Kh7 58. g8=Q+ Kh6 59. Qg6#
1-0

[Event "Ä13Â"]
[Site "Loo"]
[Date "2017.04.22"]
[Round "3.1"]
[White "ßêèìîâà, Ìàðèÿ."]
[Black "Ìèðîíåíêî, Ãàëèíà."]
[Result "1/2-1/2"]
[WhiteElo "1730"]
[BlackElo "1956"]
[PlyCount "80"]
[EventDate "2017.04.20"]

1. e4 e5 2. Nf3 Nc6 3. d4 exd4 4. Nxd4 Nf6 5. Nxc6 bxc6 6. e5 Qe7 7. Qe2 Nd5 8.
c4 Nb6 9. Nc3 Ba6 10. b3 O-O-O 11. Bb2 Re8 12. f4 f6 13. Ne4 d5 14. Nd2 dxc4
15. O-O-O fxe5 16. Bxe5 Qa3+ 17. Kb1 Kb7 18. Nxc4 Bxc4 19. bxc4 Bd6 20. Bxd6
cxd6 21. Qb2 Qxb2+ 22. Kxb2 Kc7 23. Bd3 d5 24. Kc3 Na4+ 25. Kb3 Nc5+ 26. Kc3
Nxd3 27. Rxd3 dxc4 28. Kxc4 Re4+ 29. Rd4 Rhe8 30. g3 Rxd4+ 31. Kxd4 Re2 32. a3
Ra2 33. Ke5 Rxa3 34. Ke6 Rd3 35. Ra1 Rd6+ 36. Ke7 Rd2 37. Kf7 g6 38. Kg8 Rxh2
39. Rxa7+ Kd6 40. Rxh7 Rg2 1/2-1/2

[Event "Ä13Â"]
[Site "Loo"]
[Date "2017.04.22"]
[Round "3.2"]
[White "Õóðõåñîâà, Âèêòîðèÿ."]
[Black "Ñòåïàíÿí, Ýâà."]
[Result "0-1"]
[WhiteElo "1694"]
[BlackElo "1938"]
[PlyCount "66"]
[EventDate "2017.04.20"]

1. d4 Nf6 2. Nf3 e6 3. Bf4 c5 4. e3 cxd4 5. exd4 Be7 6. h3 O-O 7. c3 b6 8. Nbd2
Bb7 9. Bd3 d6 10. O-O Nbd7 11. Rc1 Rc8 12. Qe2 Re8 13. Bh2 Bf8 14. Rfd1 h6 15.
c4 d5 16. cxd5 exd5 17. Qf1 Ne4 18. Rxc8 Bxc8 19. Ne5 Nxd2 20. Rxd2 Nxe5 21.
Bxe5 Bxh3 22. Rc2 Bd7 23. Qc1 Bg4 24. f3 Be6 25. Bb5 Bd7 26. Bxd7 Qxd7 27. Rc7
Qa4 28. Qf4 Be7 29. Qg4 f6 30. Bd6 Qd1+ 31. Kf2 Qd2+ 32. Kf1 Bf8 33. Bg3 Qd1+
0-1

[Event "Ä13Â"]
[Site "Loo"]
[Date "2017.04.22"]
[Round "3.3"]
[White "Êèð÷åé, Âèêòîðèÿ."]
[Black "Áîäíàðóê, Êñåíèÿ."]
[Result "1/2-1/2"]
[WhiteElo "1814"]
[BlackElo "1677"]
[PlyCount "297"]
[EventDate "2017.04.20"]

1. e4 e5 2. Nf3 Nc6 3. Nc3 Nf6 4. d4 exd4 5. Nxd4 Bb4 6. Nxc6 bxc6 7. Bd3 d5 8.
exd5 cxd5 9. O-O O-O 10. h3 c6 11. Qf3 Bd6 12. Ne2 Rb8 13. b3 Be5 14. c3 c5 15.
Bf4 Qd6 16. Rad1 Bb7 17. Qg3 Rfe8 18. Bxe5 Qxe5 19. Rfe1 Qxg3 20. Nxg3 g6 21.
Ne2 Re6 22. Kf1 Rbe8 23. Bb5 R8e7 24. f3 Kf8 25. h4 Re3 26. Bd3 Nd7 27. Kf2 Nb6
28. Nf4 Rxe1 29. Rxe1 Rxe1 30. Kxe1 Ke7 31. Kd2 Kd6 32. Nh3 h6 33. g4 Bc8 34.
Ke3 d4+ 35. cxd4 Nd5+ 36. Kd2 cxd4 37. Bc4 f6 38. Bxd5 Kxd5 39. Nf4+ Kd6 40.
Nxg6 Bb7 41. f4 Be4 42. Nh8 Ke7 43. g5 fxg5 44. fxg5 hxg5 45. hxg5 Kf8 46. g6
Kg7 47. Nf7 Bxg6 48. Nd8 Bb1 49. a3 Ba2 50. b4 Kf6 51. Nc6 a6 52. Nxd4 Ke5 53.
Kc3 Kd5 54. a4 Bc4 55. Nc2 Be2 56. Ne3+ Kc6 57. Nf5 Kb6 58. a5+ Kc7 59. Kd4 Kc6
60. Ne7+ Kd6 61. Nc8+ Kd7 62. Nb6+ Kc6 63. Kc3 Kd6 64. Kd4 Kc6 65. Nd5 Bf1 66.
Ne3 Be2 67. Kc3 Bb5 68. Nf5 Bf1 69. Ng3 Bg2 70. Nf5 Bf1 71. Ne7+ Kd7 72. Nd5
Kc6 73. Kd4 Kb5 74. Kc3 Kc6 75. Ne3 Be2 76. Nc2 Bf1 77. Na3 Be2 78. Kd2 Bf1 79.
Ke3 Bb5 80. Kd4 Bf1 81. Ke5 Bd3 82. Ke6 Be4 83. Ke7 Bd3 84. Kd8 Bf5 85. Ke7 Bd3
86. Ke8 Bg6+ 87. Kf8 Bd3 88. Ke7 Be4 89. Ke6 Bd3 90. Ke5 Bf1 91. Nc2 Kb5 92.
Kd4 Kc6 93. Kc3 Kd6 94. Ne3 Be2 95. Nf5+ Kd5 96. Ne3+ Kc6 97. Nc4 Kd5 98. b5
axb5 99. Nb6+ Kc6 100. Kb4 Bd3 101. Nc8 Kb7 102. Ne7 Be2 103. Nf5 Bf1 104. Nd6+
Ka6 105. Ne4 Kb7 106. Nd2 Be2 107. Nb3 Ka7 108. Nd4 Bf1 109. Nc6+ Kb7 110. Nd8+
Kc7 111. Ne6+ Kb7 112. Nd4 Kc7 113. Nb3 Kb7 114. Nd2 Be2 115. Ne4 Bf1 116. Ng3
Bd3 117. Nh5 Bf1 118. Ng7 Kc6 119. Ne6 Kb7 120. Nd4 Ka7 121. Nc2 Kb7 122. Na3
Be2 123. Nc2 Bf1 124. Ne3 Be2 125. Nf5 Bf1 126. Ne7 Bc4 127. Ng6 Bf1 128. Nh4
Ka6 129. Nf3 Kb7 130. Nd2 Be2 131. Nb1 Bf1 132. Nc3 Ka7 133. Ne4 Kb7 134. Nc5+
Kc6 135. Nb3 Kb7 136. Nd4 Ka6 137. Ne6 Kb7 138. Nd8+ Kc7 139. Ne6+ Kb7 140. Ng5
Ka6 141. Nh7 Kb7 142. Nf8 Ka6 143. Ne6 Kb7 144. Nd4 Bc4 145. Kc5 Ka6 146. Nc6
Bf1 147. Kb4 Be2 148. Nd4 Bf1 149. Nb3 1/2-1/2

[Event "Ä13Â"]
[Site "Loo"]
[Date "2017.04.22"]
[Round "3.4"]
[White "Àëåêñååíêî, Ìàðèÿ."]
[Black "Áîíäàðåâà, Äàðüÿ."]
[Result "1/2-1/2"]
[WhiteElo "1684"]
[BlackElo "1778"]
[PlyCount "104"]
[EventDate "2017.04.20"]

1. c4 e5 2. Nc3 Nf6 3. g3 c6 4. d4 exd4 5. Qxd4 Be7 6. Bg2 O-O 7. Nf3 d5 8.
cxd5 Nxd5 9. Nxd5 cxd5 10. e3 Nc6 11. Qd1 Bf6 12. O-O Bf5 13. a3 Qd7 14. Nd4
Nxd4 15. exd4 Qb5 16. Re1 Rfe8 17. Be3 Red8 18. Qd2 Rac8 19. Rac1 Be6 20. Rxc8
Rxc8 21. Rc1 Rxc1+ 22. Qxc1 Qc6 23. Qd2 Bd8 24. Bf1 a6 25. Be2 Bf5 26. Bf3 Be6
27. Qd3 g6 28. Qb3 Qb6 29. Qxb6 Bxb6 30. Kf1 Kf8 31. Ke2 Ke7 32. Kd3 Kd6 33.
Kc3 Bd8 34. b4 Bd7 35. Bg2 Be7 36. Bf1 b5 37. Bg2 Kc6 38. Kb3 Bf6 39. Kc3 Be7
40. Kb3 Bf6 41. Kc3 Bg7 42. Kd3 Bf5+ 43. Kc3 Be6 44. Kd3 h5 45. h4 Bf5+ 46. Kc3
Bf6 47. Bf4 Be7 48. Be3 f6 49. f4 Bd8 50. Bd2 Kd6 51. Bf3 Be7 52. Bg2 Bd8
1/2-1/2

[Event "Ä13Â"]
[Site "Loo"]
[Date "2017.04.22"]
[Round "3.5"]
[White "Ñîâèíà, Ìàðèÿ."]
[Black "Ìåëåí÷óê, Îëüãà."]
[Result "1-0"]
[WhiteElo "1734"]
[BlackElo "1631"]
[PlyCount "67"]
[EventDate "2017.04.20"]

1. d4 Nf6 2. c4 e6 3. Nc3 Bb4 4. e3 b6 5. Nge2 Bb7 6. a3 Bxc3+ 7. Nxc3 d5 8.
cxd5 Nxd5 9. Bd3 Nd7 10. e4 Nxc3 11. bxc3 O-O 12. O-O c5 13. Be3 Rc8 14. f3 Qe7
15. a4 Rfd8 16. Qe2 h6 17. a5 Nf6 18. Rfb1 Qc7 19. axb6 axb6 20. Qb2 Ra8 21.
Rxa8 Rxa8 22. dxc5 Qd8 23. Be2 Ba6 24. Bxa6 Rxa6 25. cxb6 Qd3 26. Bd4 Ra8 27.
b7 Rb8 28. Ba7 Nxe4 29. fxe4 Qd8 30. Bxb8 Qxb8 31. Qb6 Kh7 32. Qa6 f6 33. Qa8
Qf4 34. b8=Q 1-0

[Event "Ä13Â"]
[Site "Loo"]
[Date "2017.04.22"]
[Round "3.6"]
[White "Íóð-Ìóõàìåòîâà, Àëèñà."]
[Black "Ðåãåð, Âàëåðèÿ."]
[Result "1-0"]
[WhiteElo "1723"]
[BlackElo "1388"]
[PlyCount "107"]
[EventDate "2017.04.20"]

1. Nf3 e6 2. g3 d5 3. Bg2 Nf6 4. O-O Bd6 5. d3 O-O 6. Nbd2 e5 7. e4 d4 8. Nc4
Re8 9. Nxd6 Qxd6 10. Nd2 Nfd7 11. f4 f6 12. f5 c5 13. Qh5 Qe7 14. Nf3 Nc6 15.
g4 Qf7 16. Qh4 h6 17. Qg3 c4 18. h4 Kf8 19. g5 hxg5 20. hxg5 Ke7 21. b3 c3 22.
Ba3+ Kd8 23. Kf2 b5 24. g6 Qg8 25. Rae1 a5 26. Rh1 b4 27. Bc1 Qf8 28. Rh7 Qe7
29. Reh1 Nf8 30. Rh8 a4 31. Ng5 axb3 32. axb3 Ra2 33. Nh7 Rxc2+ 34. Kf3 Ba6 35.
Nxf8 Rxf8 36. Rxf8+ Qxf8 37. Kg4 Kd7 38. Qf3 Qg8 39. Qf1 Qxb3 40. Rh7 Qg8 41.
Bh6 Kd6 42. Rxg7 Qd8 43. Rf7 Nb8 44. Rf8 Qc7 45. Rxf6+ Kc5 46. Bf8+ Kb5 47. g7
Rxg2+ 48. Qxg2 c2 49. g8=Q c1=Q 50. Qd5+ Ka4 51. Qga2+ Qa3 52. Qdb3+ Ka5 53.
Qaxa3+ bxa3 54. Qb4# 1-0

[Event "Ä13Â"]
[Site "Loo"]
[Date "2017.04.22"]
[Round "3.7"]
[White "Òîêìàêîâà, Óëüÿíà."]
[Black "Äàøèíà, Ñîôèÿ."]
[Result "1/2-1/2"]
[WhiteElo "1315"]
[BlackElo "1644"]
[PlyCount "102"]
[EventDate "2017.04.20"]

1. Nf3 Nf6 2. b3 g6 3. Bb2 Bg7 4. g3 O-O 5. Bg2 c5 6. O-O Nc6 7. d3 Re8 8. e3
e5 9. c4 d5 10. Nc3 d4 11. exd4 exd4 12. Ne2 Nh5 13. Re1 Be6 14. Bc1 Rc8 15.
Nf4 Nxf4 16. Bxf4 Bf5 17. Nh4 Be6 18. Nf3 Bf5 19. Rxe8+ Qxe8 20. Nh4 Be6 21.
Qd2 Qd7 22. Re1 Re8 23. Qe2 Kf8 24. Qd2 b6 25. Nf3 Bf5 26. Rxe8+ Qxe8 27. Ng5
h6 28. Ne4 Bxe4 29. Bxe4 g5 30. Bd6+ Kg8 31. g4 Qd7 32. Bg3 Ne5 33. h3 a6 34.
Kg2 Kh8 35. f4 gxf4 36. Bxf4 Qe6 37. a3 a5 38. b4 Nxc4 39. Qc1 Nd6 40. Bxd6
Qxd6 41. bxc5 Qxc5 42. Qxc5 bxc5 43. Bd5 Kg8 44. Kf3 Kf8 45. Kf4 Ke7 46. Kf5
Bf6 47. a4 Bg5 48. Bc4 f6 49. Kg6 Be3 50. h4 Bd2 51. Kf5 Be3 1/2-1/2

[Event "Ä13Â"]
[Site "Loo"]
[Date "2017.04.22"]
[Round "3.8"]
[White "Ðàçóâàåâà, Åêàòåðèíà."]
[Black "Ïàðñåãÿí, Êñåíèÿ."]
[Result "0-1"]
[WhiteElo "1270"]
[BlackElo "1558"]
[PlyCount "74"]
[EventDate "2017.04.20"]

1. e4 c6 2. d4 d5 3. e5 Bf5 4. f4 e6 5. Nf3 Nd7 6. Nc3 c5 7. Be3 a6 8. Bd3 Bxd3
9. Qxd3 Nh6 10. h3 Nf5 11. g4 Nxe3 12. Qxe3 Qb6 13. O-O-O cxd4 14. Nxd4 Bc5 15.
Na4 Bxd4 16. Rxd4 Qc6 17. Nc3 Nb6 18. f5 Nc4 19. Qf4 Rc8 20. fxe6 fxe6 21. Rf1
Rc7 22. h4 Nxb2 23. Rf3 Nc4 24. g5 b5 25. h5 b4 26. Nb1 Ne3 27. c3 Nc4 28. h6
bxc3 29. hxg7 Rxg7 30. Qf6 Rhg8 31. Nxc3 Qb6 32. Qf4 Rxg5 33. Qf7+ Kd8 34. Qf6+
Kc8 35. Na4 Rg1+ 36. Kc2 Qb1+ 37. Kc3 Rc1# 0-1

[Event "Ä13Â"]
[Site "Loo"]
[Date "2017.04.22"]
[Round "3.9"]
[White "Êðóïíîâà, Àííà."]
[Black "Åìåëüÿíîâà, Åëåíà."]
[Result "1/2-1/2"]
[WhiteElo "1556"]
[BlackElo "1504"]
[PlyCount "163"]
[EventDate "2017.04.20"]

1. d4 d5 2. Nf3 Nf6 3. c4 dxc4 4. e3 e6 5. Bxc4 c5 6. O-O a6 7. dxc5 Qxd1 8.
Rxd1 Bxc5 9. Nbd2 b5 10. Be2 Bb7 11. a4 b4 12. Nb3 Be7 13. a5 O-O 14. Nfd2 Nbd7
15. f3 Rac8 16. e4 Ne5 17. g4 h6 18. h4 Rfd8 19. g5 hxg5 20. hxg5 Nh5 21. Nf1
Rxd1 22. Bxd1 Nd3 23. Be3 Nhf4 24. Bxf4 Nxf4 25. g6 Nxg6 26. Nbd2 Nf4 27. b3
Bc5+ 28. Kh2 Bc6 29. Rc1 Bb5 30. Ne3 Nd3 31. Rc2 Nf2 32. Kg2 Nxd1 33. Nxd1 Rd8
34. Nb2 Bd4 35. Ndc4 Bc3 36. Nb6 Rd2+ 37. Rxd2 Bxd2 38. N2c4 Bc3 39. Kf2 Kf8
40. Ke3 Ke7 41. Kd3 Kf6 42. Ke3 Kg5 43. Nd6 Bc6 44. Nxf7+ Kf6 45. Nd8 Bb5 46.
Nb7 g5 47. Nc8 Ke5 48. Nbd6 Bd4+ 49. Kd2 Bf1 50. Nb7 Kf4 51. Nd8 e5 52. Ne6+
Kxf3 53. Nxg5+ Kf4 54. Ne6+ Kxe4 55. Nc7 Kf3 56. Nb6 Bc3+ 57. Kd1 e4 58. Nbd5
e3 59. Nxe3 Kxe3 60. Nd5+ Kd4 61. Nb6 Kd3 62. Nc4 Be2+ 63. Kc1 Kd4 64. Nb6 Kc5
65. Kc2 Kb5 66. Nd5 Kxa5 67. Nxc3 bxc3 68. Kxc3 Kb5 69. Kb2 Kb4 70. Ka2 Bd1 71.
Kb2 Bxb3 72. Ka1 Kc3 73. Kb1 a5 74. Ka1 a4 75. Kb1 Bf7 76. Ka1 Kb3 77. Kb1 Kb4
78. Ka1 Kc3 79. Kb1 Be8 80. Ka1 Kc2 81. Ka2 Kc1 82. Ka1 1/2-1/2

[Event "Ä13Â"]
[Site "Loo"]
[Date "2017.04.22"]
[Round "3.10"]
[White "Íàñûðîâà, Åêàòåðèíà."]
[Black "Ïîðòíîâà, Êñåíèÿ."]
[Result "0-1"]
[WhiteElo "1955"]
[BlackElo "1510"]
[PlyCount "66"]
[EventDate "2017.04.20"]

1. d4 Nf6 2. c4 e6 3. Nc3 Bb4 4. Bg5 h6 5. Bh4 c5 6. d5 Bxc3+ 7. bxc3 d6 8. e3
e5 9. Qc2 Qe7 10. Nf3 g5 11. Bg3 e4 12. Nd2 Bf5 13. Be2 Nbd7 14. Qb2 Rb8 15.
Qb5 Kf8 16. Qa5 Ne5 17. Qxa7 Kg7 18. O-O h5 19. h4 gxh4 20. Bxh4 Ng6 21. Bg3 h4
22. Bh2 Bg4 23. Rfe1 Bxe2 24. Rxe2 Ng4 25. Bf4 Rbe8 26. Rb1 Nxf4 27. exf4 Qf6
28. Kf1 Qxf4 29. Rxb7 e3 30. Nf3 exf2 31. Rb1 Qxc4 32. Rbb2 Rxe2 33. Rxe2 Re8
0-1

[Event "Ä13Â"]
[Site "Loo"]
[Date "2017.04.22"]
[Round "3.11"]
[White "Ìàëüöåâà, Åêàòåðèíà."]
[Black "Øåñòàêîâà, Áîãäàíà."]
[Result "1-0"]
[WhiteElo "1671"]
[BlackElo "1526"]
[PlyCount "39"]
[EventDate "2017.04.20"]

1. e4 d5 2. exd5 Nf6 3. d4 Bg4 4. Nf3 Qxd5 5. Be2 Nc6 6. O-O O-O-O 7. Be3 h6 8.
c4 Qf5 9. Nc3 e5 10. d5 g5 11. Qa4 Nb8 12. Nb5 b6 13. Nxa7+ Kb7 14. Nc6 Nxc6
15. dxc6+ Kb8 16. c5 e4 17. cxb6 cxb6 18. Qa6 Kc7 19. Qb7+ Kd6 20. c7 1-0

[Event "Ä13Â"]
[Site "Loo"]
[Date "2017.04.22"]
[Round "3.12"]
[White "Êàìàðîâà, Æàíáîòà."]
[Black "Êàñàåâà, Ñîôèÿ."]
[Result "1/2-1/2"]
[WhiteElo "1501"]
[BlackElo "1661"]
[PlyCount "161"]
[EventDate "2017.04.20"]

1. d4 d5 2. Nf3 Nf6 3. g3 c6 4. Bg2 Bf5 5. O-O h6 6. c4 e6 7. Nc3 Bd6 8. Nd2
O-O 9. e4 dxe4 10. Ndxe4 Nxe4 11. Nxe4 Be7 12. Be3 Nd7 13. Qd2 Nf6 14. Nc3 Qc7
15. Rac1 Rfd8 16. h3 Rac8 17. Rfd1 Bb4 18. Qe2 Bxc3 19. Rxc3 Qd7 20. g4 Bg6 21.
g5 hxg5 22. Bxg5 Qe7 23. d5 cxd5 24. cxd5 Rxc3 25. bxc3 e5 26. c4 Qd6 27. Qe3
b6 28. a4 Bc2 29. Re1 Re8 30. Bxf6 Qxf6 31. a5 Qd6 32. axb6 axb6 33. Qc3 Bf5
34. Ra1 Rc8 35. Ra6 Qc7 36. Bf1 Qb7 37. Ra3 Qe7 38. Rb3 Qd6 39. Qb2 Rb8 40. c5
Qxd5 41. cxb6 Bd7 42. Re3 Bc6 43. f3 f6 44. Qb4 Qd4 45. Qc4+ Bd5 46. Qxd4 exd4
47. Rd3 Rxb6 48. Rxd4 Bxf3 49. Rd7 Rb7 50. Rxb7 Bxb7 51. Kf2 Kf7 52. Kg3 Kg6
53. Bd3+ Kg5 54. h4+ Kh6 55. Kf4 Bc8 56. Bc2 g6 57. Bd3 Bh3 58. Bc2 Bf1 59. Be4
Be2 60. Bc2 Bh5 61. Bd3 Kg7 62. Be4 Kf7 63. Bd3 Ke6 64. Be4 Kd6 65. Bd3 Kd5 66.
Bc2 Kc4 67. Be4 Kc3 68. Bd5 Kd2 69. Be6 Ke2 70. Bd7 Kf2 71. Be6 Kg2 72. Bd7 Bd1
73. Be8 Bc2 74. Bd7 Bd3 75. Be6 Bb1 76. Bd7 Ba2 77. Bc8 Bf7 78. Bd7 Kf2 79. Bg4
Ke1 80. h5 gxh5 81. Bxh5 1/2-1/2

[Event "Ä13Â"]
[Site "Loo"]
[Date "2017.04.22"]
[Round "3.13"]
[White "Êóçíåöîâà, Ìàðèíà."]
[Black "Çàâèâàåâà, Ýìèëèÿ."]
[Result "1-0"]
[WhiteElo "1649"]
[BlackElo "1490"]
[PlyCount "83"]
[EventDate "2017.04.20"]

1. e4 e5 2. Nf3 Nc6 3. Bb5 a6 4. Bxc6 dxc6 5. O-O Qf6 6. d3 Be6 7. Be3 h6 8.
Nbd2 O-O-O 9. Qe2 g5 10. Ne1 Ne7 11. f3 Ng6 12. g3 h5 13. Ng2 h4 14. g4 h3 15.
Ne1 Nf4 16. Qf2 Rh4 17. Bxf4 gxf4 18. Qa7 Qg6 19. Nc4 f6 20. Qa8+ Kd7 21. Qxb7
Bc5+ 22. Rf2 Rxg4+ 23. fxg4 Qxg4+ 24. Kf1 Bxc4 25. dxc4 Rg8 26. Nd3 Bxf2 27.
Kxf2 Qg2+ 28. Ke1 Qxe4+ 29. Kd2 Qd4 30. Re1 f3 31. Kc1 Rg1 32. Qb4 f2 33. Nxf2
Qxf2 34. Rd1+ Rxd1+ 35. Kxd1 Qg1+ 36. Qe1 Qxe1+ 37. Kxe1 e4 38. Kf2 Ke6 39. Kg3
f5 40. Kxh3 f4 41. Kg4 e3 42. Kf3 1-0

[Event "Ä13Â"]
[Site "Loo"]
[Date "2017.04.22"]
[Round "3.14"]
[White "Òî÷èëêèíà, Åêàòåðèíà."]
[Black "Þñóïîâà, Ýëèíà."]
[Result "1-0"]
[WhiteElo "1633"]
[BlackElo "1481"]
[PlyCount "95"]
[EventDate "2017.04.20"]

1. e4 c5 2. Nf3 d6 3. d4 cxd4 4. Nxd4 Nf6 5. Nc3 g6 6. Be3 Bg7 7. f3 O-O 8. Qd2
Nc6 9. O-O-O Bd7 10. g4 Ne5 11. Be2 a6 12. h4 b5 13. h5 b4 14. Nd5 Nxd5 15.
exd5 Qa5 16. Kb1 Qxd5 17. Nf5 Qxd2 18. Nxe7+ Kh8 19. Rxd2 Rfe8 20. Nd5 Bc6 21.
h6 Bf8 22. Nc7 Nxf3 23. Bxf3 Bxf3 24. Re1 Bxh6 25. Nxe8 Bxe3 26. Rxe3 Bxg4 27.
Nxd6 Be6 28. Rf2 Kg7 29. Re4 a5 30. b3 h5 31. Re5 a4 32. Rb5 Rd8 33. Rd2 Ra8
34. Rxb4 axb3 35. axb3 Rh8 36. Ne4 Bg4 37. Rh2 Rd8 38. Nf2 Bf5 39. Kb2 Rd2 40.
Rc4 Re2 41. Kc1 Re6 42. b4 Rb6 43. c3 Be6 44. Rc5 Kh6 45. b5 Kg7 46. c4 Bxc4
47. Rxc4 Rxb5 48. Rc7 1-0